Sanat - "Vapaus käteen jää" - Haloo Helsinki - Statistics

Yleistilastot
  • Tätä visaa on pelattu 674 kertaa
  • Keskiarvotulos 204 / 284
Vastaustilastot
Sanat % Oikein
ja
98%
On
97%
on
97%
on,
97%
käteen
96%
vapaus
95%
jää
93%
mitä
91%
ainut
89%
ei
89%
Ei
89%
kaiken
88%
Kun
88%
kyyneleitä
86%
nainen
86%
Nainen
86%
elämässä
85%
menettää
85%
ratissa
85%
raskas
84%
keräillen
83%
silloin
82%
askeltaa
81%
liian
81%
niin
81%
se
81%
usein
81%
alamäkeen
80%
jos
79%
mies
79%
Mies
79%
hajottaa
78%
vaan
78%
katoaa
77%
mutta
77%
tapa
76%
todellakin
75%
päivä
74%
saa
74%
ylämäki
74%
kulta
73%
tai
73%
yksi
73%
humalasta
72%
kuin
72%
heräillen
71%
kerrallaan
71%
hymyile
70%
kuinka
70%
päälle
70%
voi
70%
ajaa
69%
eli
69%
etsien
69%
itseään
69%
muistojen
69%
kerrosta
68%
ennen
67%
huomista
67%
kotiin
67%
minuutti
67%
Nyt
67%
olisikaan
67%
hetki
66%
ole
66%
soittaa
66%
ihan
65%
täysin
63%
tie
63%
itket
61%
kaikki
61%
oo
60%
tää
59%
tekee
58%
hän
57%
kadottaa
57%
taas
57%
u-käännöksen
57%
lopussa
55%
huutaen
53%
irrallaan
53%
autosta
51%
Kohta
51%
kotona
51%
nousee
51%
niinkuin
49%
Työpäivän
49%
kukaan
48%
oota
46%
meidän
41%
röökin
41%
palamaan
39%
laittaa
38%
tekemään
38%
että
37%
joskus
37%
käsissä
36%
takainen
36%
välissä
36%
vapaa
36%
vikan
36%
huominen
35%
monen
35%
vuoden
35%
energia
34%
aikamme
33%
kenttien
33%
lupaan
33%
sieluton,
32%
vielä
32%
kynsissä
31%
edessä
30%
hohtoa
30%
loistaa
30%
puut,
30%
kivet
29%
sade
29%
lakannut,
28%
Vanhat
27%
Tuhon
26%
paljon
25%
tasoja
23%
aurinko
21%
laskee
20%
Ehtoja vastaavia visoja ei löytynyt
Tulosjakauma
Jokaisen tuloksen saaneiden osuus
Persentiili vastausten määrän mukaan
Tuloshistoriasi
Et ole pelannut tätä visaa